| 000 | 02028nam0a2200325 4500 | ||
|---|---|---|---|
| 001 | RU\NLR\bibl\1472959 | ||
| 005 | 20260409063259.0 | ||
| 010 |
_a978-5-406-00407-4 _94500 |
||
| 021 |
_aRU _b2009-103263 _96571 |
||
| 035 | _a(nilc)RSL-KNO-004500170 | ||
| 035 | _a(NLR Aleph) 001464643 | ||
| 090 |
_a1605244 _c1605244 |
||
| 100 | _a20091221d2009 |||y0rusy50 ca | ||
| 101 | 0 | _arus | |
| 102 | _aRU | ||
| 105 | _ay ||||||||| | ||
| 200 | 1 |
_aАрбитражный процессуальный кодекс Российской Федерации _eпо состоянию на 1 октября 2009 г. _e[принят Государственной Думой 14 июня 2002 года _eодобрен Советом Федерации 10 июля 2002 года _eизменения: Федеральный закон от 28 юля 2004 г. N° 80-Ф3 [и др.] _eпояснения к порядку и условиям применения: Постановление Конституционного Суда РФ от 17 ноября 2005 г. N° 11-П; Постановление Конституционного Суда РФ от 25 марта 2008 г. N° 6-П] |
|
| 210 |
_aМосква _cПроспект _cКНОРУС _d2009 |
||
| 215 |
_a158, [1] с. _d20 |
||
| 604 |
_171001$aРоссийская Федерация _150011$aАрбитражный процессуальный кодекс$2nlr_sh2$3RU\NLR\AUTH\661262504 _aРоссийская Федерация _tАрбитражный процессуальный кодекс _92086371 _3RU\NLR\AUTH\661262504 |
||
| 686 |
_aХ629.221-324 _2rubbk |
||
| 686 | _aХ629.221-324.9(2Р) | ||
| 740 | 1 |
_aРоссийская Федерация _tЗаконы _iАрбитражный процессуальный кодекс _3RU\NLR\AUTH\880379475 _9425334 |
|
| 801 | 0 |
_aRU _bRuMoRGB _c20091221 _grcr |
|
| 801 | 1 |
_aRU _bRuMoRGB _c20091221 |
|
| 801 | 2 |
_aRU _bNLR _c20100213 _grcr |
|
| 942 | _cBOOK | ||
| 980 | _aNB | ||